عبدالله السويدي: سيرته ورحلته (Record no. 4592)
[ view plain ]
| 000 -LEADER | |
|---|---|
| fixed length control field | 00849nam a2200205Ii 4500 |
| 003 - CONTROL NUMBER IDENTIFIER | |
| control field | JO-AjNU |
| 008 - FIXED-LENGTH DATA ELEMENTS--GENERAL INFORMATION | |
| fixed length control field | 230605s9999||||xx |||||||||||||| ||und|| |
| 040 ## - CATALOGING SOURCE | |
| Original cataloging agency | JO-AjNU |
| Language of cataloging | ara |
| Description conventions | rda |
| Transcribing agency | JO-AjNU |
| 041 ## - LANGUAGE CODE | |
| Language code of text/sound track or separate title | ara |
| 050 14 - LIBRARY OF CONGRESS CALL NUMBER | |
| Classification number | G69.S8864.I5264 1988 |
| 100 3# - MAIN ENTRY--PERSONAL NAME | |
| Personal name | تاليف رؤوف، عماد عبد السلام, |
| Relator term | author |
| 9 (RLIN) | 8900 |
| 245 00 - TITLE STATEMENT | |
| Title | عبدالله السويدي: سيرته ورحلته |
| 264 31 - PRODUCTION, PUBLICATION, DISTRIBUTION, MANUFACTURE, AND COPYRIGHT NOTICE | |
| Place of production, publication, distribution, manufacture | بغداد: دار الشؤون الثقافية العامة، 1988 |
| 300 ## - PHYSICAL DESCRIPTION | |
| Extent | 151ص |
| 336 ## - CONTENT TYPE | |
| Content type term | text |
| Content type code | txt |
| Source | rdacontent |
| 337 ## - MEDIA TYPE | |
| Media type term | unmediated |
| Media type code | n |
| Source | rdamedia |
| 338 ## - CARRIER TYPE | |
| Carrier type term | volume |
| Carrier type code | nc |
| Source | rdacarrier |
| 490 0# - SERIES STATEMENT | |
| Series statement | سلسلة نوابع الفكر العربي |
| 650 #4 - SUBJECT ADDED ENTRY--TOPICAL TERM | |
| Topical term or geographic name entry element | المؤرخيون العراقيون- تراجم المسلمون-تراجم السويدي عبدالله بن حسيم بن مرعي 1104-1174 هجري |
| 9 (RLIN) | 8901 |
| Withdrawn status | Lost status | Source of classification or shelving scheme | Damaged status | Not for loan | Home library | Current library | Shelving location | Date acquired | Total Checkouts | Full call number | Barcode | Date last seen | Price effective from | Koha item type |
|---|---|---|---|---|---|---|---|---|---|---|---|---|---|---|
| Library of Congress Classification | مكتبة جامعة عجلون الوطنية | مكتبة جامعة عجلون الوطنية | المجموعات العامة | 06/06/2023 | G69.S8864.I5264 1988 | A1024 | 06/06/2023 | 06/06/2023 | Books |